LEADER 01051nam a2200229 i 4500 001 000000178379 003 CaOOAMICUS 005 20090319000000.0 008 090319s1964 it u000 u fre u 013 $a155951 040 $aSeMil$bita 100 1 $aRémond, René,$d<1918-2007>.$0(OLS)http://semarc/name/26991 245 10$aLes deux congrès ecclésiastiques de Reims et de Bourges :$b1896-1900. Un témoignage sur l'Église de France /$cRené Rémond. 260 $aParis :$bSirey,$c1964. 300 $aXII, 242 p. ;$c21 cm. 490 0 $aHistoire et sociologie de l'Église ;$v4 500 $aContiene : Bibliographie. 830 0$aHistoire et sociologie de l'Église ;$v4.$0(OLS)http://semarc/title/27628 850 $aSeMil 852 $aSeMil$W1$xVenegono$y1$m3A II 111$j129156$B129156$CSeMilBibl$Z2$F140343 $81 996 $6245$aLes deux congrès ecclésiastiques de Reims et de Bourges :$b1896-1900. Un témoignage sur l'Église de France$9(OLS)http://semarc/title/256197 996 $6260$aParis :$bSirey$9(OLS)http://semarc/publisher/30196 LEADER 00951nam a2200253 i 4500 001 000000243621 003 CaOOAMICUS 005 20150714000000.0 008 150714s1994 it u000 u ita u 013 $a222526 020 $a88-15-04571-6 040 $aSeMil$bita 100 1 $aCipolla, Carlo Maria <1922-2000>.$0(OLS)http://semarc/name/14274 245 10$aTre storie extra vaganti /$cCarlo Maria Cipolla. 260 $aBologna :$bIl Mulino,$ccopyr 1994. 300 $a107 p. ;$c18 cm. 490 0 $aContrappunti 830 0$aContrappunti.$0(OLS)http://semarc/title/11644 850 $aSeMil 852 $aSeMil$W1$xVenegono$y1$m3M I 240 =$j193967$B193967$CSeMilBibl$Z2$F204649 $81 961 $aOmaggio: Martinelli don Romano 996 $6020$a88-15-04571-6$9(OLS)http://semarc/number/251476 996 $6245$aTre storie extra vaganti$9(OLS)http://semarc/title/345500 996 $6260$aBologna :$bIl Mulino$9(OLS)http://semarc/publisher/29842